<?xml version="1.0" encoding="UTF-8"?>
<record
    xmlns:xsi="http://www.w3.org/2001/XMLSchema-instance"
    xsi:schemaLocation="http://www.loc.gov/MARC21/slim http://www.loc.gov/standards/marcxml/schema/MARC21slim.xsd"
    xmlns="http://www.loc.gov/MARC21/slim">

  <leader>01687nam a2200481 i 4500</leader>
  <datafield tag="999" ind1=" " ind2=" ">
    <subfield code="c">170225</subfield>
    <subfield code="d">170225</subfield>
  </datafield>
  <controlfield tag="001">vtls000664282</controlfield>
  <controlfield tag="003">PNM</controlfield>
  <controlfield tag="005">20181118114910.0</controlfield>
  <controlfield tag="008">120105t20112011my a   b      000 1dchi  </controlfield>
  <datafield tag="015" ind1=" " ind2=" ">
    <subfield code="a">M12-00261</subfield>
  </datafield>
  <datafield tag="020" ind1=" " ind2=" ">
    <subfield code="a">9789675439780</subfield>
    <subfield code="c">RM5.50</subfield>
    <subfield code="q">paperback</subfield>
  </datafield>
  <datafield tag="039" ind1=" " ind2="9">
    <subfield code="a">201211021054</subfield>
    <subfield code="b">sulina</subfield>
    <subfield code="c">201210041355</subfield>
    <subfield code="d">sumthing</subfield>
    <subfield code="c">201210041355</subfield>
    <subfield code="d">sumthing</subfield>
    <subfield code="c">201202170924</subfield>
    <subfield code="d">hoonchin</subfield>
  </datafield>
  <datafield tag="040" ind1=" " ind2=" ">
    <subfield code="a">BNM</subfield>
    <subfield code="b">eng</subfield>
    <subfield code="c">PNM</subfield>
    <subfield code="d">PPAK</subfield>
    <subfield code="e">rda</subfield>
  </datafield>
  <datafield tag="082" ind1="0" ind2="4">
    <subfield code="a">895.13</subfield>
    <subfield code="2">22</subfield>
  </datafield>
  <datafield tag="090" ind1="0" ind2="0">
    <subfield code="a">895.13</subfield>
    <subfield code="b">LIN</subfield>
    <subfield code="d">K</subfield>
  </datafield>
  <datafield tag="100" ind1="1" ind2=" ">
    <subfield code="6">880-01</subfield>
    <subfield code="a">Lin, Fuxiu</subfield>
  </datafield>
  <datafield tag="245" ind1="1" ind2="0">
    <subfield code="6">880-02</subfield>
    <subfield code="a">Shuo yi shuo /</subfield>
    <subfield code="c">wen, Lin Fuxiu, Xu Lao Shi ; zhu bian, Xu Youbin ; hui tu, Cai Tianfa</subfield>
  </datafield>
  <datafield tag="264" ind1=" " ind2="1">
    <subfield code="a">Kuala Lumpur :</subfield>
    <subfield code="b">Odonata Publishing,</subfield>
    <subfield code="c">2011</subfield>
  </datafield>
  <datafield tag="264" ind1=" " ind2="1">
    <subfield code="c">&#xA9;2011</subfield>
  </datafield>
  <datafield tag="300" ind1=" " ind2=" ">
    <subfield code="a">15 pages :</subfield>
    <subfield code="b">colour illustrations ;</subfield>
    <subfield code="c">19 cm</subfield>
  </datafield>
  <datafield tag="336" ind1=" " ind2=" ">
    <subfield code="2">rdacontent</subfield>
    <subfield code="a">text</subfield>
  </datafield>
  <datafield tag="337" ind1=" " ind2=" ">
    <subfield code="2">rdamedia</subfield>
    <subfield code="a">unmediated</subfield>
  </datafield>
  <datafield tag="338" ind1=" " ind2=" ">
    <subfield code="2">rdacarrier</subfield>
    <subfield code="a">volume</subfield>
  </datafield>
  <datafield tag="490" ind1="1" ind2=" ">
    <subfield code="a">Xue qian yue du ji hua.</subfield>
    <subfield code="v">di er ce</subfield>
  </datafield>
  <datafield tag="500" ind1=" " ind2=" ">
    <subfield code="a">&#x5C01;&#x9762;&#x4E66;&#x540D;</subfield>
  </datafield>
  <datafield tag="650" ind1="1" ind2="0">
    <subfield code="a">Children's stories, Chinese</subfield>
  </datafield>
  <datafield tag="700" ind1="1" ind2=" ">
    <subfield code="6">880-03</subfield>
    <subfield code="a">Xu,</subfield>
    <subfield code="c">Lao Shi</subfield>
  </datafield>
  <datafield tag="700" ind1="1" ind2=" ">
    <subfield code="6">880-04</subfield>
    <subfield code="a">Khor, Ewe Pin,</subfield>
    <subfield code="d">1955-</subfield>
  </datafield>
  <datafield tag="700" ind1="1" ind2=" ">
    <subfield code="6">880-05</subfield>
    <subfield code="a">Cai, Tianfa</subfield>
  </datafield>
  <datafield tag="830" ind1=" " ind2="0">
    <subfield code="6">880-06</subfield>
    <subfield code="a">Xue qian yue du ji hua.</subfield>
    <subfield code="p">shou 300 zi ;</subfield>
    <subfield code="v">di er ce</subfield>
  </datafield>
  <datafield tag="880" ind1="1" ind2=" ">
    <subfield code="6">100-01/$1</subfield>
    <subfield code="a">&#x6797;&#x5085;&#x79C0;</subfield>
  </datafield>
  <datafield tag="880" ind1="1" ind2="0">
    <subfield code="6">245-02/$1</subfield>
    <subfield code="a">&#x8BF4;&#x4E00;&#x8BF4; /</subfield>
    <subfield code="c">&#x6587;, &#x6797;&#x5085;&#x79C0;, &#x8BB8;&#x8001;&#x5E08; ; &#x4E3B;&#x7F16;, &#x8BB8;&#x53CB;&#x5F6C; ; &#x7ED8;&#x56FE;, &#x8521;&#x5929;&#x53D1;</subfield>
  </datafield>
  <datafield tag="880" ind1="1" ind2=" ">
    <subfield code="6">700-03/$1</subfield>
    <subfield code="a">&#x8BB8;,</subfield>
    <subfield code="c">&#x8001;&#x5E08;</subfield>
  </datafield>
  <datafield tag="880" ind1="1" ind2=" ">
    <subfield code="6">700-04/$1</subfield>
    <subfield code="a">&#x8BB8;&#x53CB;&#x5F6C;,</subfield>
    <subfield code="d">1955-</subfield>
  </datafield>
  <datafield tag="880" ind1="1" ind2=" ">
    <subfield code="6">700-05/$1</subfield>
    <subfield code="a">&#x8521;&#x5929;&#x53D1;</subfield>
  </datafield>
  <datafield tag="880" ind1=" " ind2="0">
    <subfield code="6">830-06/$1</subfield>
    <subfield code="a">&#x5B66;&#x524D;&#x9605;&#x8BFB;&#x8BA1;&#x5212;.</subfield>
    <subfield code="p">&#x9996;300&#x5B57; ;</subfield>
    <subfield code="v">&#x7B2C;2&#x518C;</subfield>
  </datafield>
  <datafield tag="942" ind1=" " ind2=" ">
    <subfield code="2">ddc</subfield>
    <subfield code="c">B</subfield>
  </datafield>
  <datafield tag="949" ind1=" " ind2=" ">
    <subfield code="6">2000249013</subfield>
  </datafield>
  <datafield tag="949" ind1=" " ind2=" ">
    <subfield code="6">2000249014</subfield>
  </datafield>
  <datafield tag="949" ind1=" " ind2=" ">
    <subfield code="6">1000832843</subfield>
    <subfield code="e">2024491</subfield>
  </datafield>
  <datafield tag="949" ind1=" " ind2=" ">
    <subfield code="6">1000832842</subfield>
    <subfield code="e">2024490</subfield>
  </datafield>
  <datafield tag="949" ind1=" " ind2=" ">
    <subfield code="6">1000832841</subfield>
    <subfield code="e">2024489</subfield>
  </datafield>
  <datafield tag="952" ind1=" " ind2=" ">
    <subfield code="0">0</subfield>
    <subfield code="7">0</subfield>
    <subfield code="b">PPAK</subfield>
    <subfield code="c">K</subfield>
    <subfield code="d">2018-12-19</subfield>
    <subfield code="l">4</subfield>
    <subfield code="m">1</subfield>
    <subfield code="o">K 895.13 LIN</subfield>
    <subfield code="p">A00737631</subfield>
    <subfield code="r">2024-06-29 14:51:44</subfield>
    <subfield code="s">2024-06-08</subfield>
    <subfield code="y">B</subfield>
  </datafield>
</record>
